000 00882nam a22002415a 4500
005 20090523144134.0
008 080726s2008 ii a b 001 0 eng
010 _aENG-93691
020 _a9788123015492
_c695.00
035 _aEN-77224
037 _bDBAD / PUB
040 _adpl
_bEnglish
082 _a808.6
100 _aKleiser, Grenville
245 _aThe art of letter writing /
_cby Grenville Kleiser
260 _aNew Delhi
_bAPH Publications
_c2009
270 _a4435-36/7, Ansari Road, Daryaganj,
_bNew Delhi
_e110002
300 _av, 272p.
_c23cm(Hb)
500 _aIncludes bibliographical references
650 _aLetter writing
942 _2ddc
_cEN
_mKLE
_h808.6
999 _c26724
_d26724